NBA Most Steals in a Game - Statistics

General Stats
  • This quiz has been taken 7 times
  • The average score is 6 of 21
Answer Stats
Steals Player % Correct
10 Eddie Jordan
86%
10 Michael Jordan
86%
10 Alvin Robertson
57%
10 Draymond Green
57%
10 Jerry West
43%
10 Kevin Johnson
43%
10 Allen Iverson
29%
10 Clyde Drexler
29%
10 Gus Williams
29%
10 Lou Williams
29%
10 T.J. McConnell
29%
10 Brandon Roy
14%
10 Fat Lever
14%
10 Fred Brown
14%
10 Johnny Moore
14%
11 Larry Kenon
14%
11 Kendall Gill
0%
10 Larry Steel
0%
10 Michael Finley
0%
10 Mookie Blaylock
0%
10 Ron Harper
0%
No matching quizzes found
Score Distribution
Percent of People with Each Score
Percentile by Number Answered
Your Score History
You have not taken this quiz